000 00434cam a2200169ua 4500
001 5756
008 131009n ii |||frmmmmZ001|0|eng
020 _a81-7381-205-5
040 _cMAIN
082 _a954
100 _aChaudhuri,K.C,
_eAuthor.,
245 _aMedieval India
_cby K.C. Chaudhuri
260 _aCalcutta:
_bNew Central Book Agency(P)LTD,
_c2002.
653 _aHistory
653 _aHistory Of Medieval India
942 _cBK
999 _c4914
_d4914